000 00462nam a22001937a 4500
003 CEME
005 20210628202127.0
008 210225b xxu||||| |||| 00| 0 eng d
020 _a0-240-51586-2
040 _c.
082 _a621.38833 WAT
100 _aWatkinson, John
_958367
245 _aThe art of digital video
250 _a3RD
260 _aOXFORD
_bFOCAL PRESS
_c2002
300 _aXII,774P
650 _aDIGITAL VIDEO
_955774
942 _cBK
_2ddc
999 _c568563
_d568563